000 00483nam a2200157Ia 4500
008 160316s1997 xxu||||| |||| 00| 0 eng d
082 _a347.090000
_bRAO
100 _aRao P C
245 _aAlternative dispute resolution : What it is and how it works
250 _a
260 _aDelhi
_bUniversal Law Publishing Co.Pvt.Ltd.
_c1997
300 _a448p
_b
_cxiii
365 _bRs.350
650 _a1. Alternative dispute resolution-Mediation-Concilliation-Arbitration
700 _a
_a
999 _c13724
_d13724